000 00505nam a2200193Ia 4500
005 20140405080932.0
008 140130s9999 xx 000 0 und d
020 _a059004074X
050 _aPZ 7
_b.R982Heai 2004
100 _aRylant, Cynthia
_94596
245 _cCynthia Rylant
_aHenry & Mudge & Mrs. Hoppers /
260 _bScholastic,
_c2004.
_aNew York :
300 _a40 p. :
_bcol. ill. ;
_c23 cm.
440 _v1
_931108
521 _aG2
526 _c350
942 _cBK
_2lcc
999 _c40179
_d40179